Представление документа в формате RUSMARC

ПолеНазваниеЗначение
  Тип записи a
  Библиографический уровень m
001 Контрольный номер RU/ГПНТБ России/KNIGADB/22.3/Б436-672931709
005 Дата корректировки 20210622101851.8
010 Индекс ISBN __
a ISBN 978-5-91304-814-1
d Цена 370-33, 1000 экз.
100 Данные общей обработки __
a Данные общей обработки 19Значенd2018 |||y0rusy0189 ca
101 Язык документа 0_
a Язык текста rus
102 Страна публикации __
a Страна публикации RU
102 Страна публикации __
a Страна публикации RU
105 Кодированные данные (монография) __
a Кодированные данные (монография) #|||||||000zy
200 Заглавие и сведения об ответственности 1_
a Заглавие Физика и физики
f Первые сведения об ответственности Л. К. Белопухов
203 Вид содержания и тип средства __
a Вид содержания Текст
c Тип средства непосредственный
210 Выходные данные 1_
a Место издания Москва
c Издательство Книжный дом Университет
c Издательство Университетская книга
d Дата издания 2018
215 Физическое описание __
a Объем 405, [1] с.
d Формат 20 см
225 Серия 2_
a Серия Библиотека физико-математической школы
330 Аннотация __
a Аннотация Очерки, представленные в этой книге, не претендуют на подробную историю физики. Автор поставил себе целью представить панораму развития физических идей от античности до нашего времени через неформальные биографии создателей физики. Кроме научных достижений, в биографических очерках раскрывается общественная, педагогическая и просветительская деятельность ученых в конкретных исторических условиях. Книга будет полезна в преподавании школьной и вузовской физики.
606 Тематические рубрики __
a Основная рубрика Физика
606 Тематические рубрики __
a Основная рубрика История физики
610 Ключевые слова 0_
a Ключевые слова физики
610 Ключевые слова 0_
a Ключевые слова персоналии
610 Ключевые слова 0_
a Ключевые слова биографии
610 Ключевые слова 0_
a Ключевые слова ученые-физики
610 Ключевые слова 0_
a Ключевые слова развитие физики
610 Ключевые слова 0_
a Ключевые слова классическая физика
610 Ключевые слова 0_
a Ключевые слова волновая оптика
610 Ключевые слова 0_
a Ключевые слова электричество
610 Ключевые слова 0_
a Ключевые слова магнетизм
610 Ключевые слова 0_
a Ключевые слова современная физика
686 Индексы других классификаций __
2 Код системы rubbks
a Классификационный индекс 22.3г
700 Автор _1
a Фамилия Белопухов
b Имя Л. К.
g Полное личное имя Лель Константинович
4 Код отношения 070
801 Источник записи _0
a Страна RU
b Организация ГПНТБ России
c Дата составления 20Значен
g Правила каталогизации PSBO
801 Источник записи _2
a Страна RU
b Организация Муниципальное бюджетное учреждение культуры "Централизованная библиотечная система" г. Сургут (Центральная городская библиотека им. А. С. Пушкина)
c Дата составления 20Значен
852 Данные о местонахождении __
j Шифр хранения 22.3г
i Авторский знак Б 43
901 Тип документа __
a Ответственный КиК/Котельникова
t Тип документа m
903 Характеристики (МАРС) __
a Дата передачи 20200813
911 __
u 336a=Текст
911 __
u 337a=непосредственный
990 Данные о заказе (DOS) __
j Количество экземпляров (DOS) 5
t N записи в КСУ для И/У (DOS) 202007